Estadísticas para Países Dependientes del Petróleo

Haz click aquí para intentar la prueba.

Estadísticas generales

  • Esta prueba ha sido intentada 1.276 veces
  • La puntuación promedio es 12 de 21

Estadísticas de respuestas

$País%% Correcto
208Arabia Saudita78.9
96%
46.1Irán74.7
90%
29.1Venezuela82.6
90%
53.7Catar85.9
89%
47.7Irak98.0
89%
46.2Kuwait89.6
82%
24.4Omán63.4
81%
6.76Libia92.7
63%
28.9Argelia94.5
60%
35.5Nigeria91.4
58%
89.1Noruega53.0
53%
36.8Kazajistán60.7
50%
4.67República del Congo67.5
45%
7.39Turkmenistán87.0
43%
12.6Azerbaiyán89.6
42%
27.3Angola95.2
38%
4.70Brunéi84.8
36%
1.50Chad93.3
35%
3.91Gabón73.2
30%
4.60Guinea Ecuatorial87.6
29%
1.46Sudán del Sur99.8
29%

Distribución de puntuación

Porcentaje por número respondido

Porcentaje de gente con cada puntuación

Historial de tus puntuaciones

No has intentado esta prueba.